| 000 | 00421nam a2200157 i 4500 | ||
|---|---|---|---|
| 001 | 142960 | ||
| 003 | ES-MaACL | ||
| 005 | 20230906200655.0 | ||
| 007 | t| | ||
| 008 | 071011s1972 sp ||||1| spa d | ||
| 100 | 1 |
_aVictor, Paul-Emile. _9114390 |
|
| 245 | 1 | 0 |
_aEn la pista blanca / _cPaul-Emile Victor. |
| 260 |
_aBilbao : _bMensajero, _c[1972] |
||
| 300 |
_a215 p. ; _c21 cm. |
||
| 852 |
_aES-MaACL _jC-47363 _bR.82254 |
||
| 999 |
_c142960 _d142960 |
||